Antecedente y exámen de la carta magna (Record no. 158079)
[ view plain ]
| 000 -LEADER | |
|---|---|
| campo de control de longitud fija | 00840nam a22001815i 4500 |
| 001 - NÚMERO DE CONTROL | |
| campo de control | 158079 |
| 003 - IDENTIFICADOR DE NÚMERO DE CONTROL | |
| campo de control | ES-MaACL |
| 005 - FECHA Y HORA DE LA ÚLTIMA TRANSACCIÓN | |
| campo de control | 20230906211005.0 |
| 008 - DATOS DE LONGITUD FIJA--INFORMACIÓN GENERAL | |
| campo de control de longitud fija | 010521s1859 sp |||| | spa d |
| 040 ## - FUENTE DE CATALOGACIÓN | |
| Centro catalogador/agencia de origen | CCPB | B |
| Lengua de catalogación | spa |
| Centro/agencia transcriptor | CCPB | B |
| 100 1# - ENTRADA PRINCIPAL--NOMBRE DE PERSONA | |
| Nombre de persona | López y González de Cano, Ramón. |
| 9 (RLIN) | 129244 |
| 245 10 - MENCIÓN DEL TÍTULO | |
| Título | Antecedente y exámen de la carta magna |
| Resto del título | : discurso leído en la Universidad Central, en el acto solemne de recibir la investidura de doctor en la Facultad de Filosofía ... / |
| Mención de responsabilidad, etc. | por Ramón López y González de Cano. |
| 260 ## - PUBLICACIÓN, DISTRIBUCIÓN, ETC. | |
| Lugar de publicación, distribución, etc. | Madrid : |
| Nombre del editor, distribuidor, etc. | [s.n.], |
| Fecha de publicación, distribución, etc. | 1859 ( |
| Fabricante | imprenta y estereotipia de M. Rivadeneyra) |
| 300 ## - DESCRIPCIÓN FÍSICA | |
| Extensión | 15 p. ; |
| Dimensiones | 24 cm. |
| 651 #4 - PUNTO DE ACCESO ADICIONAL DE MATERIA--NOMBRE GEOGRÁFICO | |
| Nombre geográfico | Inglaterra- |
| Subdivisión general | Constituciones. |
| 9 (RLIN) | 137225 |
| 752 ## - ENTRADA AGREGADA--NOMBRE JERÁRQUICO DEL LUGAR | |
| País o entidad superior | España - |
| Ciudad | Madrid |
| 852 ## - LOCALIZACIÓN | |
| Ubicación | ES-MaACL |
| Número de control de estantería | T-437-F-7 |
| Nota libre | -- Enc. holandesa |
| condición física | -- Falto de la cub. original |
| Nota libre | -- Enc. en un vol. facticio |
| Estatus retirado | Estado de pérdida | Estado de daño | No para préstamo | Colección | Biblioteca de origen | Biblioteca actual | Ubicación en estantería | Fecha de adquisición | Total de préstamos | Signatura topográfica completa | Código de barras | Visto por última vez | Precio de reemplazo | Tipo de ítem Koha |
|---|---|---|---|---|---|---|---|---|---|---|---|---|---|---|
| Colección de folletos | Biblioteca del Ateneo de Madrid | Biblioteca del Ateneo de Madrid | Depósito folletos | 17/01/2008 | T-437-F-7 | 1165443 | 23/02/2023 | 23/02/2023 | Folleto |
